01008nam a2200229Ia 4500001000700000003000500007008004100012010001100053040000900064100003100073245018600104260004300290300001000333502018200343650003500525650002700560650002100587700004200608700004400650700003800694700004600732Z_6238CHAP220113s2011 xx 000 0 und d a169482 cCHAP aHernández León, Miguel aJerarquización de bovino suizo americano con base en evaluación genética y calificación en juzgamiento de ganado /cMiguel Hernández León y María Albina Pablo Altunar aChapingo, México :bEl autor,c2011 a69 h. aTesis (Ingeniero Agrónomo Especialista en Zootecnia) -- UACh, 2011 \ Dirección: Rodolfo Ramírez Valverde ; asesoría: José G. García Muñiz y Agustín Ruíz Flores aGanado bovinoxsuizo americano aJuzgamiento del ganado aValor genético a García Muñiz, José G., asesor  a Ramírez Valverde, Rodolfo, director  a Ruíz Flores, Agustín, asesor aI. Pablo Altunar, María Albina, coaut.